India and the World - A geoeconomics perspective (Record no. 98501)

000 -LEADER
fixed length control field 01099pab a2200181 454500
008 - FIXED-LENGTH DATA ELEMENTS--GENERAL INFORMATION
fixed length control field 180718b2013 xxu||||| |||| 00| 0 eng d
100 ## - MAIN ENTRY--PERSONAL NAME
Personal name Baru, Sanjaya
245 ## - TITLE STATEMENT
Title India and the World - A geoeconomics perspective
260 ## - PUBLICATION, DISTRIBUTION, ETC.
Date of publication, distribution, etc. 2013
300 ## - PHYSICAL DESCRIPTION
Extent p.37-41.
362 ## - DATES OF PUBLICATION AND/OR SEQUENTIAL DESIGNATION
Dates of publication and/or sequential designation 9 Feb
520 ## - SUMMARY, ETC.
Summary, etc. Strategic autonomy in an interdependent world is secured through creating mutually beneficial relationships of interdependence, not from the mere assertion of one's independence or non-alignment. It is the fruit of economic growth and development pursued in a globalised world wherein a nation is able to utilise the benefits of interdependence while managing the costs this imposes. Hence, the concepts of "autonomy" and "self-reliance" have to be defined in the context of the economic interdependence of nations, and India's need and ability to draw on the economic opportunities the world presents to us. - Reproduced.
650 ## - SUBJECT ADDED ENTRY--TOPICAL TERM
Topical term or geographic name entry element Economic and social development - India
650 ## - SUBJECT ADDED ENTRY--TOPICAL TERM
Topical term or geographic name entry element Economic and social development
773 ## - HOST ITEM ENTRY
Main entry heading Economic and Political Weekly
908 ## - PUT COMMAND PARAMETER (RLIN)
Put command parameter N
909 ## -
-- 98502
Holdings
Withdrawn status Lost status Damaged status Not for loan Permanent Location Current Location Date acquired Serial Enumeration / chronology Barcode Date last seen Price effective from Koha item type
        Indian Institute of Public Administration Indian Institute of Public Administration 2018-07-19 Volume no: 48, Issue no: 6 AR98962 2018-07-19 2018-07-19 Articles

Powered by Koha